[Event "Kirsehir Ahilik op"]
[Site "Kirsehir"]
[Date "2021.09.15"]
[Round "4"]
[White "Yigit, Ahmet Yasir"]
[Black "Garayev, Sadig"]
[Result "1-0"]
[WhiteElo "1960"]
[BlackElo "2064"]
[PlyCount "63"]
[EventDate "2021.09.13"]
[EventType "swiss"]
[EventRounds "9"]
[EventCountry "TUR"]
[SourceTitle "CBM 204 Extra"]
[Source "ChessBase"]
[SourceDate "2021.11.30"]
[SourceVersion "1"]
[SourceVersionDate "2021.11.30"]
[SourceQuality "1"]

1. Nf3 Nf6 2. c4 e6 3. g3 d5 4. Bg2 dxc4 5. Qa4+ Bd7 6. Qxc4 c5 7. Ne5 Nc6 8. Nxc6 Bxc6 9. Bxc6+ bxc6 10. 0-0 Be7 11. d3 Rb8 12. Nd2 0-0 13. b3 Rb4 14. Qc2 h5 15. Ba3 Rb5 16. h4 Qd5 17. Nc4 Rd8 18. Ne3 Qd7 19. Rac1 Nd5 20. Nc4 f5 21. f4 Bf6 22. Bb2 Qf7 23. Be5 Qg6 24. Kh2 Qg4 25. Rf3 Nb4 26. Qb2 Qg6 27. Re3 Kf7 28. Rf3 a6 29. Qd2 Kg8 30. a4 Nd5 31. axb5 cxb5 32. Bxf6 1-0

[Event "TUR-chT 2nd League"]
[Site "Konya"]
[Date "2019.07.28"]
[Round "9.2"]
[White "Yigit, Ahmet Yasir"]
[Black "Kayan, Veli"]
[Result "0-1"]
[WhiteElo "1962"]
[BlackElo "1863"]
[PlyCount "80"]
[EventDate "2019.07.22"]
[EventType "team-swiss"]
[EventRounds "9"]
[EventCountry "TUR"]
[SourceTitle "CBM 191 Extra"]
[Source "ChessBase"]
[SourceDate "2019.09.30"]
[SourceVersion "1"]
[SourceVersionDate "2019.09.30"]
[SourceQuality "1"]
[WhiteTeam "Seyhan Belediye"]
[BlackTeam "Mercan Egitim"]
[WhiteTeamCountry "TUR"]
[BlackTeamCountry "TUR"]

1. e4 g6 2. d4 Bg7 3. Nc3 c6 4. f4 d5 5. e5 Nh6 6. Nf3 0-0 7. Be2 Qb6 8. 0-0 Bg4 9. Na4 Qc7 10. Be3 Nd7 11. h3 Bxf3 12. Bxf3 b5 13. Nc3 Nf5 14. Bf2 e6 15. g4 Ne7 16. Kg2 f6 17. Bh4 g5 18. exf6 gxh4 19. fxe7 Rxf4 20. Qe1 Qd6 21. Bxd5 cxd5 22. Rxf4 b4 23. Ne2 Qxe7 24. a3 e5 25. dxe5 Bxe5 26. Qxb4 Bd6 27. Qd2 Re8 28. Qxd5+ Kh8 29. Rf2 Nf6 30. Qg5 Qb7+ 31. Kg1 Ne4 32. Qh5 Re5 33. Rf7 Qb6+ 34. Kg2 Rxh5 35. gxh5 Ng5 36. Rf5 Qe3 37. Rf2 Qxh3+ 38. Kg1 Nf3+ 39. Rxf3 Qxf3 40. Re1 Bc5+ 0-1

[Event "TUR-chT 2nd League"]
[Site "Konya"]
[Date "2019.07.25"]
[Round "6.4"]
[White "Zor, Alber Kadir"]
[Black "Yigit, Ahmet Yasir"]
[Result "1-0"]
[WhiteElo "2160"]
[BlackElo "1962"]
[PlyCount "54"]
[EventDate "2019.07.22"]
[EventType "team-swiss"]
[EventRounds "9"]
[EventCountry "TUR"]
[SourceTitle "CBM 191 Extra"]
[Source "ChessBase"]
[SourceDate "2019.09.30"]
[SourceVersion "1"]
[SourceVersionDate "2019.09.30"]
[SourceQuality "1"]
[WhiteTeam "Apaydin Satranc Spor"]
[BlackTeam "Seyhan Belediye"]
[WhiteTeamCountry "TUR"]
[BlackTeamCountry "TUR"]

1. d4 Nf6 2. Nf3 d5 3. Bf4 c5 4. e3 Nc6 5. Nbd2 Bg4 6. c3 Qb6 7. dxc5 Qxb2 8. Rb1 Qxc3 9. Rxb7 Bxf3 10. gxf3 e5 11. Bb5 Rc8 12. Bxc6+ Kd8 13. Bg5 Rxc6 14. Qa4 Qxc5 15. 0-0 Bd6 16. Nb3 Qc4 17. Qa5+ Kc8 18. Rxa7 Bc7 19. Rxc7+ Rxc7 20. Qa8+ Kd7 21. Qxh8 Ne8 22. Qxh7 f6 23. Bh4 Qa6 24. Qb1 Ke7 25. Bg3 Nd6 26. Rd1 Ke6 27. f4 Ne4 1-0

[Event "TUR-chT 2nd League"]
[Site "Konya"]
[Date "2019.07.24"]
[Round "4.5"]
[White "Kilicbay, Mustafa"]
[Black "Yigit, Ahmet Yasir"]
[Result "1-0"]
[WhiteElo "1895"]
[BlackElo "1962"]
[PlyCount "123"]
[EventDate "2019.07.22"]
[EventType "team-swiss"]
[EventRounds "9"]
[EventCountry "TUR"]
[SourceTitle "CBM 191 Extra"]
[Source "ChessBase"]
[SourceDate "2019.09.30"]
[SourceVersion "1"]
[SourceVersionDate "2019.09.30"]
[SourceQuality "1"]
[WhiteTeam "Istanbul Sisli"]
[BlackTeam "Seyhan Belediye"]
[WhiteTeamCountry "TUR"]
[BlackTeamCountry "TUR"]

1. e4 e5 2. Nf3 Nc6 3. Bb5 a6 4. Bxc6 dxc6 5. 0-0 f6 6. d4 exd4 7. Qxd4 Qxd4 8. Nxd4 Bd7 9. Nd2 0-0-0 10. N2b3 c5 11. Nf3 Bc6 12. Nbd2 Bd6 13. Re1 Re8 14. b3 Nh6 15. Bb2 Nf7 16. Re2 Re6 17. Rae1 Rhe8 18. Nh4 g6 19. f3 Bf4 20. g4 Rd8 21. Nf1 Ne5 22. Ng2 Bh6 23. Rf2 b5 24. Nge3 Kb7 25. Kg2 Bf4 26. Rd2 Rg8 27. Rdd1 Nd7 28. Nd5 Bd6 29. Kf2 h5 30. gxh5 gxh5 31. Ng3 h4 32. Nf5 Bxh2 33. Rh1 Bg3+ 34. Ke3 Rg5 35. Nde7 Ne5 36. Bxe5 Bxe5 37. Nxc6 Kxc6 38. f4 Bd4+ 39. Kf3 Rxf5 40. exf5 Re3+ 41. Kg4 Rg3+ 42. Kxh4 Rg2 43. Rc1 Bb2 44. Kh3 Rd2 45. Rb1 Rxc2 46. Rh2 Rc3+ 47. Kg4 Bc1 48. Rh6 c4 49. Rxf6+ Kd5 50. Rxa6 Be3 51. bxc4+ Rxc4 52. Rxb5+ c5 53. f6 Rxf4+ 54. Kh5 Rf5+ 55. Kg6 Rg5+ 56. Kf7 Bd4 57. Rbb6 Ke4 58. Re6+ Kd3 59. Ke7 c4 60. f7 Rf5 61. f8Q Bc5+ 62. Rad6+ 1-0

[Event "Ordu op 5th"]
[Site "Ordu"]
[Date "2019.04.30"]
[Round "2"]
[White "Yigit, Ahmet Yasir"]
[Black "Klekowski, Maciej"]
[Result "0-1"]
[WhiteElo "1976"]
[BlackElo "2506"]
[PlyCount "103"]
[EventDate "2019.04.29"]
[EventType "swiss"]
[EventRounds "9"]
[EventCountry "TUR"]
[SourceTitle "CBM 190 Extra"]
[Source "ChessBase"]
[SourceDate "2019.07.15"]
[SourceVersion "1"]
[SourceVersionDate "2019.07.15"]
[SourceQuality "1"]

1. e4 c5 2. Nf3 Nc6 3. d4 cxd4 4. Nxd4 e6 5. Nxc6 bxc6 6. Bd3 Nf6 7. 0-0 Qc7 8. Qe2 d5 9. e5 Nd7 10. f4 Nc5 11. Be3 a5 12. Bxc5 Bxc5+ 13. Kh1 0-0 14. Nd2 f5 15. exf6 gxf6 16. Rae1 Ra7 17. Rf3 Qd6 18. Ref1 Rg7 19. Qe1 a4 20. Qh4 Rff7 21. Rg3 Rxg3 22. Qxg3+ Rg7 23. Qh4 Qe7 24. a3 Bd7 25. f5 e5 26. Qxa4 e4 27. Qa8+ Qe8 28. Qxe8+ Bxe8 29. Be2 Be3 30. Rd1 Kf8 31. c4 Ba7 32. b4 Rd7 33. g4 Be3 34. cxd5 cxd5 35. Bb5 Rd8 36. Bxe8 Kxe8 37. Nb3 Ke7 38. Na5 Rd7 39. Nc6+ Kd6 40. b5 Kc5 41. a4 d4 42. Kg2 d3 43. h3 Bf4 44. Kf2 e3+ 45. Kf3 e2 46. Rb1 Bg5 47. Nb4 Kc4 48. b6 Bd2 49. a5 e1Q 50. Rxe1 Bxe1 51. Nxd3 Rxd3+ 52. Ke2 0-1

[Event "TUR Cup"]
[Site "Antalya"]
[Date "2019.01.30"]
[Round "6"]
[White "Hatipoglu, Metin"]
[Black "Yigit, Ahmet Yasir"]
[Result "0-1"]
[WhiteElo "1680"]
[BlackElo "2032"]
[PlyCount "68"]
[EventDate "2019.01.27"]
[EventType "swiss"]
[EventRounds "11"]
[EventCountry "TUR"]
[SourceTitle "CBM 188 Extra"]
[Source "ChessBase"]
[SourceDate "2019.02.26"]
[SourceVersion "1"]
[SourceVersionDate "2019.02.26"]
[SourceQuality "1"]

1. e4 e5 2. Nf3 Nc6 3. Bc4 Nf6 4. d3 Bc5 5. 0-0 d6 6. h3 Be6 7. Bxe6 fxe6 8. c3 Bb6 9. Re1 Qd7 10. Be3 h6 11. Nbd2 Bxe3 12. Rxe3 g5 13. Nh2 0-0-0 14. a4 h5 15. a5 g4 16. b4 Rdg8 17. b5 Nb8 18. Qb3 d5 19. exd5 exd5 20. Rxe5 gxh3 21. g3 h4 22. Ndf1 hxg3 23. Nxg3 Qd6 24. Rae1 Nbd7 25. R5e3 Nh5 26. Nhf1 Ndf6 27. Rf3 h2+ 28. Kh1 Ng4 29. Qc2 Rf8 30. Qe2 Nf4 31. Qd1 Qg6 32. Qd2 Nxd3 33. Nf5 Ngxf2+ 34. Qxf2 Nxf2+ 0-1

[Event "TUR-chT2"]
[Site "Konya"]
[Date "2018.07.12"]
[Round "4.1"]
[White "Demirelli, Ilyas Doguhan"]
[Black "Yigit, Ahmet Yasir"]
[Result "1/2-1/2"]
[WhiteElo "1804"]
[BlackElo "1939"]
[PlyCount "60"]
[EventDate "2018.07.10"]
[EventType "team-swiss"]
[EventRounds "9"]
[EventCountry "TUR"]
[SourceTitle "EXT 2019"]
[Source "ChessBase"]
[SourceDate "2018.10.10"]
[SourceVersion "1"]
[SourceVersionDate "2018.10.10"]
[SourceQuality "1"]
[WhiteTeam "Denizli Onay"]
[BlackTeam "Adana Ceyhan Belediye"]
[WhiteTeamCountry "TUR"]
[BlackTeamCountry "TUR"]

1. d4 Nf6 2. c4 c5 3. Nf3 cxd4 4. Nxd4 d5 5. cxd5 Nxd5 6. Nb3 Nc6 7. e4 Ndb4 8. Qxd8+ Nxd8 9. Na3 e6 10. Be3 Ndc6 11. Bb5 Bd7 12. 0-0 a6 13. Be2 Be7 14. Nc5 Bc8 15. Rfc1 Bf6 16. Nc4 Nd4 17. Bxd4 Bxd4 18. Nb6 Rb8 19. a3 Nc6 20. Rab1 Ke7 21. b4 Ne5 22. Rc2 Nd7 23. Nbxd7 Bxd7 24. Nxd7 Kxd7 25. Rd1 e5 26. Rdc1 Bb6 27. Bg4+ Ke7 28. Rc8 Rbxc8 29. Rxc8 Rd8 30. Rxd8 Kxd8 1/2-1/2

[Event "TUR Cup										"]
[Site "Antalya"]
[Date "2018.01.29"]
[Round "4"]
[White "Yigit, Ahmet Yasir"]
[Black "Ozkan, Ervin"]
[Result "1/2-1/2"]
[WhiteElo "1875"]
[BlackElo "2205"]
[PlyCount "142"]
[EventDate "2018.01.27"]
[EventType "swiss"]
[EventRounds "11"]
[EventCountry "TUR"]
[SourceTitle "CBM 182 Extra"]
[Source "ChessBase"]
[SourceDate "2018.02.23"]
[SourceVersion "1"]
[SourceVersionDate "2018.02.23"]
[SourceQuality "1"]

1. e4 c6 2. d4 d5 3. exd5 cxd5 4. Bd3 Nc6 5. c3 g6 6. Nf3 Bg7 7. 0-0 Nh6 8. Na3 0-0 9. Nc2 f6 10. Re1 Nf7 11. c4 e6 12. b3 Re8 13. Bb2 dxc4 14. Bxc4 Nd6 15. Bf1 Ne7 16. Ne3 b6 17. Nc4 Nd5 18. Nxd6 Qxd6 19. Nd2 Bb7 20. Nc4 Qd7 21. Ba3 a6 22. Qg4 f5 23. Qd1 Nc3 24. Qd3 Qxd4 25. Qxd4 Bxd4 26. Nd6 Reb8 27. Bb2 Bd5 28. Rac1 Nb5 29. Bxd4 Nxd4 30. Red1 Rd8 31. Rxd4 Rxd6 32. Rc7 b5 33. a4 bxa4 34. bxa4 Rb8 35. f3 Rbb6 36. a5 Rbc6 37. Ra7 Rc5 38. Rb4 Rd8 39. Rxa6 Kg7 40. Ra7+ Kf6 41. a6 Rc1 42. Rxh7 Ra1 43. Kf2 Rc8 44. Rb2 Bc4 45. Bxc4 Rxc4 46. a7 Rca4 47. Rbb7 f4 48. Rhf7+ Kg5 49. Rb2 e5 50. Re2 Ra5 51. g3 fxg3+ 52. hxg3 Rxa7 53. Rxe5+ Kh6 54. Rxa7 Rxa7 55. Kg2 Ra4 56. Kh3 Ra3 57. Kg4 Ra4+ 58. Re4 Ra5 59. f4 Rh5 60. Re5 Rh1 61. Kf3 Kg7 62. Re6 Rf1+ 63. Kg2 Ra1 64. g4 Kf7 65. Rb6 g5 66. fxg5 Ra3 67. Rf6+ Kg7 68. Rf3 Ra5 69. Kg3 Rxg5 70. Kh4 Ra5 71. Rb3 Ra6 1/2-1/2

[Event "TUR Cup										"]
[Site "Antalya"]
[Date "2018.01.27"]
[Round "1"]
[White "Yigit, Ahmet Yasir"]
[Black "Lokman, Hilmi Merih"]
[Result "1-0"]
[WhiteElo "1875"]
[BlackElo "1578"]
[PlyCount "52"]
[EventDate "2018.01.27"]
[EventType "swiss"]
[EventRounds "11"]
[EventCountry "TUR"]
[SourceTitle "CBM 182 Extra"]
[Source "ChessBase"]
[SourceDate "2018.02.23"]
[SourceVersion "1"]
[SourceVersionDate "2018.02.23"]
[SourceQuality "1"]

1. e4 c6 2. d4 d5 3. Nc3 dxe4 4. Nxe4 Nd7 5. Bd3 Ngf6 6. Ng5 h6 7. Ne6 Qb6 8. Nxf8 Nxf8 9. c3 Bg4 10. f3 Bh5 11. Ne2 Bg6 12. Nf4 Bxd3 13. Nxd3 Ng6 14. 0-0 0-0 15. f4 Rfe8 16. f5 Nf8 17. Qf3 Rad8 18. Qg3 g5 19. fxg6 Nxg6 20. Bxh6 Rd5 21. Rae1 Rh5 22. Bc1 Kf8 23. Nc5 Kg7 24. Rxf6 Kxf6 25. Nd7+ Kg7 26. Nxb6 axb6 1-0

[Event "TUR-chT2"]
[Site "Konya"]
[Date "2017.07.10"]
[Round "3.3"]
[White "Kus, Koksal"]
[Black "Yigit, Ahmet Yasir"]
[Result "1-0"]
[WhiteElo "1961"]
[BlackElo "1880"]
[PlyCount "77"]
[EventDate "2017.07.09"]
[EventType "team-swiss"]
[EventRounds "9"]
[EventCountry "TUR"]
[SourceTitle "CBM 179 Extra"]
[Source "ChessBase"]
[SourceDate "2017.08.23"]
[SourceVersion "1"]
[SourceVersionDate "2017.08.23"]
[SourceQuality "1"]
[WhiteTeam "Masal Diyari"]
[BlackTeam "Karaman Yunus Emre"]
[WhiteTeamCountry "TUR"]
[BlackTeamCountry "TUR"]

1. Nf3 d5 2. c4 c6 3. g3 Nf6 4. Bg2 g6 5. b3 Bg7 6. Bb2 0-0 7. 0-0 Re8 8. d3 Nbd7 9. Nc3 e5 10. e4 d4 11. Ne2 a5 12. h3 c5 13. Ne1 Nh5 14. Bc1 Qc7 15. Bd2 Nf8 16. f4 exf4 17. gxf4 f5 18. e5 Ne6 19. Bf3 Qf7 20. Bxh5 gxh5 21. Ng3 h4 22. Nh5 Bd7 23. Ng2 Kh8 24. Nxh4 Rg8 25. Kh2 Bc6 26. Ng3 Bh6 27. Qh5 Qxh5 28. Nxh5 Raf8 29. Rf2 Bg7 30. Bxa5 Be8 31. Ng3 Nxf4 32. Rxf4 Bxe5 33. Bd2 Bxf4 34. Bxf4 h5 35. Re1 Bc6 36. Re7 Rxg3 37. Be5+ Kg8 38. Kxg3 Ra8 39. Ng6 1-0

[Event "TUR Cup"]
[Site "Antalya"]
[Date "2017.02.03"]
[Round "10"]
[White "Yigit, Ahmet Yasir"]
[Black "Akdag, Omer Amir"]
[Result "0-1"]
[WhiteElo "1943"]
[BlackElo "1676"]
[PlyCount "34"]
[EventDate "2017.01.28"]
[EventType "swiss"]
[EventRounds "11"]
[EventCountry "TUR"]
[SourceTitle "CBM 176 Extra"]
[Source "ChessBase"]
[SourceDate "2017.03.02"]
[SourceVersion "1"]
[SourceVersionDate "2017.03.02"]
[SourceQuality "1"]

1. Nf3 Nf6 2. g3 c5 3. Bg2 Nc6 4. c4 e5 5. 0-0 g6 6. Nc3 Bg7 7. d3 0-0 8. a3 d6 9. Rb1 a5 10. Ne1 Be6 11. Nc2 Rc8 12. Ne3 Nd7 13. Nb5 Nf6 14. Bd2 d5 15. cxd5 Nxd5 16. h3 Nde7 17. Nc4 b6 0-1

[Event "TUR-chT2"]
[Site "Konya"]
[Date "2016.07.21"]
[Round "7.5"]
[White "Yigit, Ahmet Yasir"]
[Black "Kucukdogerli, Murat Can"]
[Result "1-0"]
[WhiteElo "1923"]
[BlackElo "1903"]
[PlyCount "87"]
[EventDate "2016.07.17"]
[EventType "team-swiss"]
[EventRounds "9"]
[EventCountry "TUR"]
[SourceTitle "CBM 173 Extra"]
[Source "ChessBase"]
[SourceDate "2016.08.29"]
[SourceVersion "1"]
[SourceVersionDate "2016.08.29"]
[SourceQuality "1"]
[WhiteTeam "Bursa Buyuksehir"]
[BlackTeam "Ankara Ego"]
[WhiteTeamCountry "TUR"]
[BlackTeamCountry "TUR"]

1. Nf3 Nf6 2. c4 g6 3. Nc3 Bg7 4. e4 d6 5. d4 0-0 6. h3 Na6 7. Be3 e5 8. d5 Nh5 9. a3 f5 10. Qc2 Nc5 11. Bxc5 dxc5 12. 0-0-0 Nf6 13. Bd3 Ne8 14. Rhe1 f4 15. Kd2 g5 16. b4 Qe7 17. Qb3 h5 18. Rh1 Bf6 19. Na4 b6 20. bxc5 bxc5 21. Qb5 Bd7 22. Qa5 Bxa4 23. Qxa4 Nd6 24. Nh2 g4 25. hxg4 f3 26. gxf3 Bg5+ 27. Kc2 h4 28. Qc6 Rab8 29. Qxc5 Rb6 30. Rb1 Qf7 31. Be2 Rfb8 32. Rxb6 Rxb6 33. Nf1 Qd7 34. Qa5 Nb7 35. Qxa7 Nc5 36. Nd2 Ra6 37. Qxc5 Qa4+ 38. Nb3 Rb6 39. Rb1 Qa7 40. Qa5 Ra6 41. Qc5 Qa8 42. Qxc7 Rxa3 43. Qxe5 Qd8 44. Ra1 1-0

[Event "Manavgat Turkey Cup"]
[Site "Manavgat"]
[Date "2016.02.06"]
[Round "11"]
[White "Yigit, Ahmet Yasir"]
[Black "Erdogan, Hakan"]
[Result "0-1"]
[WhiteElo "1961"]
[BlackElo "2170"]
[PlyCount "144"]
[EventDate "2016.01.30"]
[EventType "swiss"]
[EventRounds "11"]
[EventCountry "TUR"]
[SourceTitle "CBM 170 Extra"]
[Source "ChessBase"]
[SourceDate "2016.02.25"]
[SourceVersion "1"]
[SourceVersionDate "2016.02.25"]
[SourceQuality "1"]

1. e4 Nc6 2. d4 d5 3. e5 f6 4. f4 Nh6 5. Nf3 Bg4 6. Be2 Nf5 7. c3 g6 8. Na3 Bg7 9. Nc2 0-0 10. Ne3 Nxe3 11. Bxe3 e6 12. Qd2 Na5 13. b3 b6 14. 0-0 Rc8 15. h3 Bf5 16. Ba6 Rb8 17. Bd3 Bxd3 18. Qxd3 Rc8 19. Rac1 c5 20. b4 cxb4 21. cxb4 Nc4 22. b5 Qd7 23. Rb1 f5 24. Nd2 Nxe3 25. Qxe3 Rc2 26. a4 Rfc8 27. Nf3 R8c3 28. Qe1 Ra3 29. Ra1 Rxa1 30. Qxa1 Qc8 31. a5 h6 32. axb6 axb6 33. Qa7 Qd8 34. Ra1 Bf8 35. Ra6 g5 36. fxg5 hxg5 37. Qxb6 Qxb6 38. Rxb6 g4 39. hxg4 fxg4 40. Ng5 g3 41. Kf1 Rf2+ 42. Ke1 Bb4+ 43. Kd1 Rxg2 44. Rb8+ Kg7 45. Nxe6+ Kf7 46. Ng5+ Kg6 47. Nf3 Kg7 48. b6 Rb2 49. Kc1 Ba3 50. Ra8 Rb3+ 51. Kc2 Rxf3 52. b7 Rf2+ 53. Kd3 Rf3+ 54. Ke2 Rf2+ 55. Ke3 Bc1+ 56. Kd3 Rd2+ 57. Ke3 Rb2+ 58. Kf3 Rxb7 59. Kxg3 Rb4 60. Kg4 Rxd4+ 61. Kf5 Rf4+ 62. Ke6 d4 63. Rd8 Bb2 64. Rd7+ Kg6 65. Rd8 Kg5 66. Rg8+ Kh4 67. Rg2 Bc3 68. Kd7 d3 69. e6 Rd4+ 70. Kc6 Bb4 71. Rg1 d2 72. Rd1 Kg5 0-1

[Event "Manavgat Turkey Cup"]
[Site "Manavgat"]
[Date "2016.02.03"]
[Round "7"]
[White "Yigit, Ahmet Yasir"]
[Black "Karahan, Anil"]
[Result "1-0"]
[WhiteElo "1961"]
[BlackElo "1711"]
[PlyCount "55"]
[EventDate "2016.01.30"]
[EventType "swiss"]
[EventRounds "11"]
[EventCountry "TUR"]
[SourceTitle "CBM 170 Extra"]
[Source "ChessBase"]
[SourceDate "2016.02.25"]
[SourceVersion "1"]
[SourceVersionDate "2016.02.25"]
[SourceQuality "1"]

1. e4 e6 2. d4 d5 3. Nc3 Nf6 4. e5 Nfd7 5. f4 c5 6. Nf3 Nc6 7. Be3 a6 8. Qd2 b5 9. a3 cxd4 10. Nxd4 Nxd4 11. Bxd4 Bb7 12. 0-0-0 Bc5 13. Kb1 0-0 14. Ne2 f6 15. exf6 Bxd4 16. Nxd4 Qxf6 17. g3 Nc5 18. Bg2 Rac8 19. Rhe1 Rfe8 20. Qe3 Ne4 21. Nf3 Rc7 22. Ne5 Rec8 23. c3 Nxc3+ 24. bxc3 Rxc3 25. Rd3 Qf5 26. Bh3 Rb3+ 27. Ka2 Rcc3 28. Rxc3 1-0

[Event "Manavgat Turkey Cup"]
[Site "Manavgat"]
[Date "2016.02.02"]
[Round "5"]
[White "Yigit, Ahmet Yasir"]
[Black "Dogan, Ali Ekber"]
[Result "0-1"]
[WhiteElo "1961"]
[BlackElo "2140"]
[PlyCount "128"]
[EventDate "2016.01.30"]
[EventType "swiss"]
[EventRounds "11"]
[EventCountry "TUR"]
[SourceTitle "CBM 170 Extra"]
[Source "ChessBase"]
[SourceDate "2016.02.25"]
[SourceVersion "1"]
[SourceVersionDate "2016.02.25"]
[SourceQuality "1"]

1. d4 Nf6 2. c4 g6 3. Nc3 Bg7 4. e4 d6 5. Nf3 0-0 6. h3 Na6 7. Be3 e5 8. d5 Nh5 9. Nd2 Qe8 10. g4 Nf4 11. a3 Nc5 12. Qc2 a5 13. 0-0-0 Bd7 14. Kb1 c6 15. Nb3 Nxb3 16. Qxb3 c5 17. Qc2 f5 18. f3 fxe4 19. fxe4 Qe7 20. Bf2 Rf7 21. Bg3 Bf6 22. Qf2 Raf8 23. Qe1 b6 24. Be2 Ng2 25. Qg1 Nh4 26. Rf1 Bg5 27. Rxf7 Qxf7 28. Qd1 Nf3 29. Ka1 Nd4 30. Rf1 Bf4 31. Bd3 Qe8 32. Bf2 Rf7 33. Bxd4 exd4 34. Ne2 Be5 35. Ng1 Ba4 36. b3 Rxf1 37. Bxf1 d3+ 38. Ka2 Bg7 39. Bxd3 Qe5 40. Qb1 Qh2+ 41. Ne2 Bd7 42. Qf1 Qe5 43. Qb1 h5 44. gxh5 gxh5 45. Ng1 Qh2+ 46. Bc2 Qg2 47. Qd1 a4 48. b4 Qf2 49. bxc5 bxc5 50. Qb1 Be8 51. Qd1 Bg6 52. Ne2 Qf6 53. Qb1 Qf3 54. Bd3 Qxh3 55. Qc2 Qf1 56. Nc3 Qf6 57. e5 Bxd3 58. exf6 Bxc2 59. fxg7 h4 60. Ne2 h3 61. Kb2 h2 62. Ng3 Be4 63. Nxe4 h1Q 64. Nc3 Qg2+ 0-1

[Event "TUR-chT2"]
[Site "Konya"]
[Date "2015.07.29"]
[Round "7.6"]
[White "Yigit, Ahmet Yasir"]
[Black "Yalcin, Ozgun"]
[Result "0-1"]
[WhiteElo "1969"]
[BlackElo "1840"]
[PlyCount "60"]
[EventDate "2015.07.25"]
[EventType "team-swiss"]
[EventRounds "9"]
[EventCountry "TUR"]
[SourceTitle "EXT 2017"]
[Source "ChessBase"]
[SourceDate "2016.10.25"]
[SourceVersion "1"]
[SourceVersionDate "2016.10.25"]
[SourceQuality "1"]
[WhiteTeam "Bursa Buyuksehir"]
[BlackTeam "Hatay Samandag"]
[WhiteTeamCountry "TUR"]
[BlackTeamCountry "TUR"]

1. c4 c5 2. Nc3 g6 3. g3 Bg7 4. Bg2 Nc6 5. Nf3 e5 6. d3 Nge7 7. h4 h5 8. Bg5 f6 9. Be3 d6 10. a3 Be6 11. Rb1 a5 12. Qb3 Rb8 13. Nd5 b5 14. Nxe7 Nxe7 15. Qc3 0-0 16. 0-0 Qc7 17. Bd2 bxc4 18. dxc4 Nc6 19. e3 e4 20. Ne1 f5 21. Qc2 Ne5 22. f4 Nxc4 23. Rc1 Qb6 24. b3 d5 25. Rf2 d4 26. Bf1 Nxe3 27. Bxe3 dxe3 28. Rg2 e2 29. Bxe2 c4+ 30. Kh2 cxb3 0-1

[Event "Manavgat Turkey Cup"]
[Site "Manavgat"]
[Date "2015.02.07"]
[Round "11"]
[White "Yigit, Ahmet Yasir"]
[Black "Burcu, Cagatay"]
[Result "0-1"]
[WhiteElo "1900"]
[BlackElo "2149"]
[PlyCount "114"]
[EventDate "2015.01.31"]
[EventType "swiss"]
[EventRounds "11"]
[EventCountry "TUR"]
[SourceTitle "CBM 164 Extra"]
[Source "ChessBase"]
[SourceDate "2015.03.02"]
[SourceVersion "1"]
[SourceVersionDate "2015.03.02"]
[SourceQuality "1"]

1. e4 Nf6 2. e5 Nd5 3. c4 Nb6 4. d4 d6 5. exd6 exd6 6. Nc3 Be7 7. Bd3 Nc6 8. Nge2 Bg4 9. Be3 0-0 10. 0-0 Re8 11. a3 Bf6 12. Qd2 Na5 13. Qc2 Naxc4 14. Bxh7+ Kh8 15. Nf4 d5 16. Bf5 Bxf5 17. Qxf5 g6 18. Qh3+ Kg7 19. b3 Na5 20. Rab1 Nc6 21. Rfd1 Ne7 22. Qf3 c6 23. g4 Nec8 24. Nd3 Nd7 25. Qg3 Kg8 26. f4 Qa5 27. Na4 b5 28. Nac5 Nxc5 29. Nxc5 Nd6 30. Nd7 Bg7 31. Ne5 Ne4 32. Qf3 Qxa3 33. Bc1 Qb4 34. Ra1 Qc3 35. Qxc3 Nxc3 36. Rd3 b4 37. Bd2 g5 38. Bxc3 bxc3 39. Rxc3 gxf4 40. Nxc6 Re6 41. Kg2 Re2+ 42. Kf3 Rxh2 43. Kxf4 Re8 44. Ne5 Rd2 45. Ke3 Bh6+ 46. Kf3 Rxd4 47. Nc6 Rd2 48. g5 Bg7 49. Rcc1 Rd3+ 50. Kf2 Bxa1 51. Rxa1 Re6 52. Nxa7 Rxb3 53. Nc8 Rb8 54. Rc1 d4 55. Rc7 Kf8 56. Na7 d3 57. Rd7 Rb2+ 0-1

[Event "Manavgat Turkey Cup"]
[Site "Manavgat"]
[Date "2015.02.03"]
[Round "5"]
[White "Yigit, Ahmet Yasir"]
[Black "Ozbek, Deniz"]
[Result "1-0"]
[WhiteElo "1900"]
[BlackElo "1614"]
[PlyCount "49"]
[EventDate "2015.01.31"]
[EventType "swiss"]
[EventRounds "11"]
[EventCountry "TUR"]
[SourceTitle "CBM 164 Extra"]
[Source "ChessBase"]
[SourceDate "2015.03.02"]
[SourceVersion "1"]
[SourceVersionDate "2015.03.02"]
[SourceQuality "1"]

1. c4 e5 2. Nc3 Nf6 3. e4 Nc6 4. Nf3 Bc5 5. Nxe5 Nxe5 6. d4 Bd6 7. c5 Bxc5 8. dxe5 Ng8 9. Qg4 g6 10. Qg3 c6 11. Bg5 Qb6 12. 0-0-0 Bxf2 13. Qf3 h5 14. Bc4 d5 15. exd6 Rh7 16. Rhf1 Bg4 17. Qxf2 Qxf2 18. Rxf2 Bxd1 19. Kxd1 Rg7 20. e5 a5 21. a4 Rb8 22. Ne4 b5 23. axb5 cxb5 24. Bd5 Rc8 25. Rc2 1-0